LEADER 01243nam 2200349Ia 450 001 996393519203316 005 20200824132243.0 035 $a(CKB)4940000000117749 035 $a(EEBO)2240905305 035 $a(OCoLC)ocm15032727e 035 $a(OCoLC)15032727 035 $a(EXLCZ)994940000000117749 100 $a19870105d1648 uy | 101 0 $aeng 135 $aurbn||||a|bb| 200 10$aMr. Prynnes demand of his liberty to the Generall, Decemb. 26, 1648$b[electronic resource] $ewith his answer thereto, and his declaration and protestation thereupon 210 $a[London $cs.n.$d1648] 215 $a1 broadside 300 $aSigned at end: William Prynne. 300 $aImprint suggested by Wing. 300 $aThe "Generall" is Lord Fairfax. 300 $aReproduction of original in the Harvard University Library. 330 $aeebo-0062 607 $aGreat Britain$xHistory$yCivil War, 1642-1649 607 $aGreat Britain$xPolitics and government$y1642-1649 700 $aPrynne$b William$f1600-1669.$0198500 801 1$bEAF 801 2$bWaOLN 906 $aBOOK 912 $a996393519203316 996 $aMr. Prynnes demand of his liberty to the Generall, Decemb. 26, 1648$92422608 997 $aUNISA